| 000 | 00322nam a22000977a 4500 | ||
|---|---|---|---|
| 008 | 171204b xxu||||| |||| 00| 0 eng d | ||
| 100 | _aRobert Siegel Auctions | ||
| 245 | _aKeith Steiner Collection of Hawaiian Numerals (June 28, 2017) | ||
| 260 |
_aNew Your _bRobert Siegel Auctions Galleries _c2017 |
||
| 650 | _ahawaiian numerals | ||
| 999 |
_c2562 _d2562 |
||